000 00410nam a2200181Ia 4500
001 15196
005 20260306165010.0
008 260306t1994||||xx |||||||||||||| ||spa||
041 _aESP
082 _a530
_bW68
100 _aWilson, Jerry D.
_eAUT
245 0 _aFísica con aplicaciones
260 _c1994
300 _a747 páginas :
_c
650 _aGEN
654 _aCCN
942 _cLIB
_dJUS
_fJUS
_2ddc
_n
999 _c15196
_d15196